Normal view MARC view

Entry Topical Term

Number of records used in: 1

001 - CONTROL NUMBER

  • control field: 5998

003 - CONTROL NUMBER IDENTIFIER

  • control field: OSt

005 - DATE AND TIME OF LATEST TRANSACTION

  • control field: 20211105132727.0

008 - FIXED-LENGTH DATA ELEMENTS

  • fixed length control field: 211105|| aca||aabn | a|a d

040 ## - CATALOGING SOURCE

  • Original cataloging agency: OSt
  • Transcribing agency: OSt

150 ## - HEADING--TOPICAL TERM

  • Topical term or geographic name entry element: Star Spectra-Tables

670 ## - SOURCE DATA FOUND

  • Source citation: Work cat.: (OSt): Bonner Durchmusterung Sudlicher 5997, Declinations-Zones -2 degrees to -22 degrees Sternverzeichnis, 1967

Powered by Koha